Plus grandes villes de France sans la lettre A - Statistiques

Statistiques générales
  • Ce quiz a été pris 125 fois
  • Le résultat moyen est 14 sur 20
Statistiques - réponses
Population Ville % Correct
520.774 Lyon
98%
238.695 Lille
96%
227.830 Rennes
92%
511.684 Toulouse
92%
353.701 Nice
90%
307.101 Montpellier
85%
159.941 Dijon
79%
180.834 Toulon
79%
140.993 Brest
77%
121.695 Metz
74%
156.389 Grenoble
72%
116.331 Rouen
71%
138.668 Tours
71%
150.444 Nîmes
65%
178.478 Reims
65%
104.924 Mulhouse
51%
129.754 Limoges
49%
99.160 Tourcoing
40%
110.756 Montreuil
27%
95.232 Vitry-sur-Seine
11%
Aucun quiz correspondant
Distribution des résultats
% des personnes avec chaque résultat
Percentile par nombre de réponses
Votre historique - résultats
Vous n’avez pas pris ce quiz